Ilmu farmasi; (Record no. 70522)

MARC details
000 -LEADER
fixed length control field 00687cam a22002411 4500
001 - CONTROL NUMBER
control field sa 66006442
003 - CONTROL NUMBER IDENTIFIER
control field DLC
005 - DATE AND TIME OF LATEST TRANSACTION
control field 20260227112256.0
008 - FIXED-LENGTH DATA ELEMENTS--GENERAL INFORMATION
fixed length control field 850227q19601969io a 000 0 ind
010 ## - LIBRARY OF CONGRESS CONTROL NUMBER
LC control number sa 66006442
025 ## - OVERSEAS ACQUISITION NUMBER
Overseas acquisition number PL480:Indo-2760
035 ## - SYSTEM CONTROL NUMBER
System control number (OCoLC)11742219
040 ## - CATALOGING SOURCE
Original cataloging agency DLC
Transcribing agency HU
Modifying agency DLC
042 ## - AUTHENTICATION CODE
Authentication code premarc
043 ## - GEOGRAPHIC AREA CODE
Geographic area code a-io---
050 00 - LIBRARY OF CONGRESS CALL NUMBER
Classification number RS141.75.I5
Item number I5
245 00 - TITLE STATEMENT
Title Ilmu farmasi;
Remainder of title singkatan pharmacopee.
260 ## - PUBLICATION, DISTRIBUTION, ETC.
Place of publication, distribution, etc. Jogjakarta
Name of publisher, distributor, etc. Dwitunggal
Date of publication, distribution, etc. [196-?]
300 ## - PHYSICAL DESCRIPTION
Extent 80 p.
Other physical details illus.
Dimensions 33 cm.
500 ## - GENERAL NOTE
General note At head of title: B. U. D. M. F. Dewan Mahasiswa, Komisariat Fakultas Farmasi.
500 ## - GENERAL NOTE
General note Cover title.
650 #0 - SUBJECT ADDED ENTRY--TOPICAL TERM
Topical term or geographic name entry element Pharmacopoeias
Geographic subdivision Indonesia.

No items available.

Powered by Koha